000 00581nam a2200169 a 4500
001 000027454
005 20200930030838.0
008 110331s1977 dr ac 000 0 spa d
040 _aDO-SdBNP
_bspa
_cBNPHU
082 _axxx
_bJ61n
100 1 _aJiménez Belén, José
_928216
245 1 0 _aNueva York es así :
_bpínceladas dominicanistas en la Urbe /
_cJosé Jiménez Belén; prológo Tomás Pujols Sanabia.
260 _aSanto Domingo :
_bEditora Taller,
_c1977.
300 _a131 p. :
_bil., retrs. ;
_c21 cm.
700 1 _aPujols Sanabia, Tomás
_epról.
_954522
049 _aBNPD
999 _c26946
_d26946